000 00581cam a22002053a 4500
001 39223
003 PGUSA
005 20140828083854.0
008 120321s2012||||xxu|||||s|||||000 | eng d
040 _aPGUSA
_beng
042 _adc
100 1 _aPaul, Mother St.
245 1 0 _aOrtus Christi :
_bMeditations for Advent
_h[electronic resource] /
_cMother St. Paul
260 _bProject Gutenberg,
_c2012
506 _aPublic domain in the USA.
516 _aElectronic text
830 0 _aProject Gutenberg
_v39223
856 4 0 _uhttp://www.gutenberg.org/ebooks/39223
942 _cEB
999 _c268476
_d268476